Countries by Picture - Statistics

General Stats
  • This quiz has been taken 62 times
  • The average score is 14 of 28
Answer Stats
Picture Answer % Correct
United States
100%
India
98%
United Kingdom
96%
Australia
90%
Peru
87%
Vatican City
83%
Russia
77%
Germany
69%
Canada
63%
Greece
62%
Iran
60%
Nepal
58%
South Korea
58%
Japan
52%
Mongolia
46%
Hungary
35%
Morocco
35%
Kenya
29%
Saudi Arabia
29%
Indonesia
27%
Norway
23%
Portugal
23%
France
21%
China (Tibet)
19%
Finland
19%
New Zealand
15%
Argentina
12%
Vietnam
6%
No matching quizzes found
Score Distribution
Percent of People with Each Score
Percentile by Number Answered
Your Score History
You have not taken this quiz